000
00335 a2200145 4500
001
148930
040
_c
Escola São Tomás de Aquino
100
_a
ROCHA, Ruth
240
1
0
_a
As coisas que a gente fala
_l
por
245
1
0
_a
As coisas que a gente fala
300
_a
22
362
0
_a
2012
697
_a
*LITERATURA INFANTO
942
_c
BK
999
_c
148930
_d
148930